000
00345nam a2200169Ia 4500
100
_a
Roduner/Emil
650
_a
Chemistry
942
_c
RB
366
_f
10
654
_a
nanoscopic
245
_a
Nanoscopic Materials
260
_b
RSC Publishing
_c
2006
082
_a
658.577/ROD
_b
ROD
300
_a
285
546
_a
ENGLISH
999
_c
20049
_d
20049